000 02094cam a22005054i 4500
003 PE-LiUPU
005 20250731173202.0
008 1980s99999999sp a rb 001 0 spa d
020 _a8430534973 (Tomo III)
035 _aPE-LiUPU00037496
040 _aPE-LiUPU
_bspa
_cPE-LiUPU
_erda
082 _a270.9
_bC934d
_223
245 0 0 _a2000 años de cristianismo.
_bla aventura cristiana entre el pasado y el futuro /
_c[Comité editorial: Jesús Domigo, Arsenio Huergo, Jose Luis Romero, Carlos Pascual]
264 1 _aMadrid :
_bSedmay Ediciones ;
_bSociété d'Histoire Chrétienne,
_c1980?-1983?
300 _a6 Tomos :
_bilustraciones, retratos ;
_c31 cm
336 _atext
_2rdacontent
337 _aunmediated
_2rdamedia
338 _avolume
_2rdacarrier
500 _aLa biblioteca posee los tomos 3 y 6
500 _aPublicado originalmente en francés.
504 _aIncluye referencias bibliográficas al final de cada dossier.
505 0 _tTomo III:
_aLa cristiandad en auge -- ¿El fin de la cristiandad? -- La cristiandad a prueba -- Los movimientos carismáticos -- Nacimiento de las órdenes mendicantes -- Los cristianos y la gestión del mundo.
505 0 _tTomo VI:
_aLa Reforma católica -- Sacerdotes hoy -- Fe e iglesia en el barroco -- La fascinación espiritual en el oriente -- Expansión mundial del cristianismo -- Las iglesias en América Latina.
526 _aSEG42
526 _aSEG41
526 _aSEG40
526 _aSEG39
526 _aP94
526 _aP87
526 _aP86
526 _aP85
526 _aP77
526 _aP76
526 _aP35
650 1 4 _aCristianismo
_xHistoria.
_93142
650 2 4 _aIglesia y sociedad
_xHistoria.
_95897
700 _aDomingo, Jesús,
_eeditor.
_95931
700 _aHuergo, Arsenio,
_eeditor.
_95932
700 _aRomero, José Luis,
_eeditor.
_95933
700 _aPascual, Carlos,
_eeditor.
_95934
710 _aSedmay Ediciones,
_eeditor.
_95900
710 _aSociété d'Histoire Chrétienne,
_eeditor.
_95901
942 _2ddc
_cBK
980 _81
_gALBERTO SANCHEZ Responsable de Automatización
999 _c37747
_d37747